000 00290nam a2200133Ia 4500
100 _aClauser/H.R
942 _cRB
654 _aEngg. MAterials
245 _aIndustrial & Engg. Materials
260 _bMcGraw Hill
_aNEWYORK
_c1975
082 _a620.11
300 _a440
546 _aENGLISH
999 _c29251
_d29251